[Event "Champ FRA - Under 12"]
[Site "Europe Echecs"]
[Date "2020.07.08"]
[Round "3"]
[White "MullerLouisEti"]
[Black "BuchlinAlexis"]
[Result "1-0"]
[WhiteElo "1030"]
[BlackElo "1191"]
[PlyCount "39"]
[EventDate "2020.??.??"]

1. e4 e5 2. Nf3 Nc6 3. Bc4 Bc5 4. Nc3 Nf6 5. d3 d6 6. Ng5 O-O 7. Nf3 Bg4 8. Bg5
Nd4 9. Qd2 Bxf3 10. Nd5 Bxg2 11. Bxf6 gxf6 12. Qh6 Nf3+ 13. Kd1 Ng5 14. Nxf6+
Kh8 15. Qxg5 Bxh1 16. Qh6 Bf3+ 17. Kd2 Qxf6 18. Qxf6+ Kg8 19. Rg1+ Bg4 20.
Rxg4# {BuchlinAlexis est échec et mat} 1-0

[Event "Champ FRA - Under 12"]
[Site "Europe Echecs"]
[Date "2020.07.08"]
[Round "3"]
[White "PresentLadisla"]
[Black "LeCamRaphael"]
[Result "0-1"]
[WhiteElo "1000"]
[BlackElo "1180"]
[PlyCount "56"]
[EventDate "2020.??.??"]

1. e4 d6 2. Nf3 e5 3. Nc3 Nf6 4. d4 Bg4 5. h3 Bxf3 6. gxf3 Nc6 7. Be3 d5 8. Qd2
Bb4 9. O-O-O exd4 10. Bxd4 Nxd4 11. Qxd4 Bxc3 12. Qxc3 c6 13. Qd2 O-O 14. e5
Nh5 15. Rg1 f6 16. exf6 Qxf6 17. Qe2 Nf4 18. Qd2 Qd6 19. Rg4 Rad8 20. Qd4 Qf6
21. Rxf4 Qxf4+ 22. Kb1 Qxf3 23. Be2 Qxe2 24. Rd2 Qe1+ 25. Rd1 Qxf2 26. Qd2 Qxd2
27. Rxd2 Rf1+ 28. Rd1 Rxd1# {PresentLadisla est échec et mat} 0-1

[Event "Champ FRA - Under 12"]
[Site "Europe Echecs"]
[Date "2020.07.08"]
[Round "3"]
[White "BonnayTramoniB"]
[Black "MechoulanDanie"]
[Result "0-1"]
[WhiteElo "999"]
[BlackElo "1140"]
[PlyCount "48"]
[EventDate "2020.??.??"]

1. e4 d5 2. exd5 Qxd5 3. Nc3 Qa5 4. Nf3 c6 5. d3 Nf6 6. Bd2 Qc7 7. g3 Bg4 8.
Bg2 Bxf3 9. Bxf3 e5 10. Qe2 Bc5 11. Na4 Nbd7 12. Nxc5 Nxc5 13. d4 Ncd7 14. dxe5
Nxe5 15. Bf4 Nfd7 16. O-O-O O-O 17. Rxd7 Qxd7 18. Qxe5 Rfe8 19. Qc3 a5 20. Rd1
Qe6 21. Rd6 Qxa2 22. Kd2 Rad8 23. Rxd8 Rxd8+ 24. Kc1 Qa1# {BonnayTramoniB est
échec et mat} 0-1

[Event "Champ FRA - Under 12"]
[Site "Europe Echecs"]
[Date "2020.07.08"]
[Round "3"]
[White "CabasseLoiseau"]
[Black "DuboisGabriel"]
[Result "0-1"]
[WhiteElo "999"]
[BlackElo "1124"]
[PlyCount "80"]
[EventDate "2020.??.??"]

1. e4 e5 2. Nf3 Nc6 3. Nc3 Bc5 4. Bc4 d6 5. d3 h6 6. Bd2 Nf6 7. a3 Bg4 8. Bb5
Qd7 9. Bxc6 Qxc6 10. O-O O-O 11. h3 Bh5 12. Qe2 Qb6 13. g4 Bg6 14. Rab1 c6 15.
Nd1 d5 16. exd5 cxd5 17. Nxe5 Rfe8 18. Nc3 Qd6 19. Bf4 Qe6 20. Nb5 Qb6 21. Nc3
Bd6 22. Rfe1 d4 23. Qd2 dxc3 24. Qxc3 Rac8 25. Qd2 Qc5 26. Nf3 Bxf4 27. Qxf4
Rxe1+ 28. Nxe1 Nd5 29. Qf3 Nf6 30. Qe3 Qd5 31. Qf3 Qa2 32. Qd1 Qd5 33. Qf3 Qxf3
34. Nxf3 Rxc2 35. Ne5 Re2 36. Nxg6 fxg6 37. Kf1 Rd2 38. b4 Rxd3 39. Rc1 Rxa3
40. Rc2 Rxh3 {CabasseLoiseau a abandonné} 0-1

[Event "Champ FRA - Under 12"]
[Site "Europe Echecs"]
[Date "2020.07.08"]
[Round "3"]
[White "GleyzeLalie"]
[Black "NoeMilan"]
[Result "0-1"]
[WhiteElo "999"]
[BlackElo "1110"]
[PlyCount "54"]
[EventDate "2020.??.??"]

1. d4 e6 2. e4 d5 3. exd5 exd5 4. Bb5+ c6 5. Nc3 cxb5 6. Nxb5 Qa5+ 7. c3 Qxb5
8. Nf3 Bg4 9. Bf4 Nd7 10. a4 Qxb2 11. Rc1 Ba3 12. h4 Ngf6 13. Rh3 Bxh3 14. gxh3
O-O 15. Ng5 Rfe8+ 16. Kf1 Ne4 17. Nxe4 Rxe4 18. Bd6 Qxc1 19. Bxa3 Qxd1+ 20. Kg2
Rae8 21. a5 Rg4+ 22. hxg4 Qxg4+ 23. Kf1 Re4 24. Be7 Qe2+ 25. Kg2 Rg4+ 26. Kh2
Qxf2+ 27. Kh3 Rg3# {GleyzeLalie est échec et mat} 0-1

[Event "Champ FRA - Under 12"]
[Site "Europe Echecs"]
[Date "2020.07.08"]
[Round "3"]
[White "SakiMehdi"]
[Black "CayauNolanMael"]
[Result "1-0"]
[WhiteElo "1107"]
[BlackElo "999"]
[PlyCount "81"]
[EventDate "2020.??.??"]

1. e4 e5 2. Nf3 Bc5 3. Nc3 h6 4. Nxe5 Nf6 5. d4 d6 6. dxc5 dxe5 7. Bb5+ c6 8.
Qxd8+ Kxd8 9. Bc4 Re8 10. O-O Re7 11. Be3 Ke8 12. Rfd1 Kf8 13. Rd8+ Re8 14.
Rxe8+ Nxe8 15. h3 b6 16. Rd1 Bd7 17. a4 bxc5 18. Bxc5+ Kg8 19. b4 Nc7 20. b5
cxb5 21. axb5 Bxb5 22. Nxb5 Ne8 23. Rd8 g5 24. Rxe8+ Kh7 25. Nc7 g4 26. Nxa8
gxh3 27. Rxb8 h2+ 28. Kxh2 f5 29. Bg8+ Kg7 30. Re8 fxe4 31. Bd5 e3 32. Re7+ Kf6
33. fxe3 Kg5 34. Rg7+ Kf6 35. Rf7+ Kg6 36. Nc7 h5 37. Ne8 h4 38. Rg7+ Kh5 39.
Bf3+ Kh6 40. g4 e4 41. g5# {CayauNolanMael est échec et mat} 1-0

[Event "Champ FRA - Under 12"]
[Site "Europe Echecs"]
[Date "2020.07.08"]
[Round "3"]
[White "LagrangePereir"]
[Black "NegreMaxime"]
[Result "1-0"]
[WhiteElo "999"]
[BlackElo "1105"]
[PlyCount "165"]
[EventDate "2020.??.??"]

1. d4 d5 2. Bf4 Bg4 3. Nc3 Nf6 4. h3 Bh5 5. Nf3 e6 6. Nb5 c6 7. Nc7+ Kd7 8.
Nxa8 Bd6 9. Bxd6 Kxd6 10. Qd2 Ke7 11. Qb4+ Ke8 12. Qxb7 Nbd7 13. Qxc6 Ke7 14.
Qa4 Qxa8 15. Qb4+ Ke8 16. Ne5 Nxe5 17. dxe5 Nd7 18. e3 Nxe5 19. Bb5+ Nd7 20.
Qa4 Qb7 21. Bxd7+ Qxd7 22. Qxd7+ Kxd7 23. O-O Rb8 24. b3 Rc8 25. Rac1 Rc3 26.
Rfe1 Kc6 27. e4 Bg6 28. exd5+ Kxd5 29. f3 Kc6 30. Kf2 Kb5 31. Re5+ Kb4 32. a4
Ka3 33. Ra5 Kb2 34. Rh1 Rxc2+ 35. Kg3 Kxb3 36. Rxa7 Ra2 37. a5 Kb4 38. a6 Kb5
39. Re1 Rxa6 40. Rxa6 Kxa6 41. Kf4 Kb6 42. g4 Kc5 43. h4 h5 44. gxh5 Bxh5 45.
Re5+ Kd6 46. Rxh5 Ke7 47. Rh7 Kf6 48. Ke4 g6 49. Rh8 Kg7 50. Rc8 Kh6 51. Ke5
Kg7 52. f4 Kh6 53. Kf6 Kh5 54. Kxf7 Kxh4 55. Kxg6 Kg4 56. Kf6 Kxf4 57. Kxe6 Ke4
58. Rc4+ Kd3 59. Rh4 Ke3 60. Kf5 Kd3 61. Ke5 Kc3 62. Kd5 Kb3 63. Kc5 Ka3 64.
Kb5 Kb3 65. Rh3+ Kc2 66. Kb4 Kd2 67. Kc4 Ke2 68. Kd4 Kf2 69. Ke4 Kg2 70. Ra3
Kf2 71. Rb3 Kg2 72. Kf4 Kh2 73. Kg4 Kg2 74. Rb2+ Kf1 75. Kg3 Ke1 76. Kf3 Kd1
77. Ke3 Kc1 78. Rh2 Kd1 79. Rg2 Kc1 80. Kd3 Kb1 81. Kc3 Ka1 82. Kb3 Kb1 83.
Rg1# {NegreMaxime est échec et mat} 1-0

[Event "Champ FRA - Under 12"]
[Site "Europe Echecs"]
[Date "2020.07.08"]
[Round "3"]
[White "BourdelBaptist"]
[Black "DumasGustave"]
[Result "1-0"]
[WhiteElo "1100"]
[BlackElo "999"]
[PlyCount "83"]
[EventDate "2020.??.??"]

1. e4 e5 2. Nf3 Nc6 3. c3 Nf6 4. d4 exd4 5. e5 Nd5 6. cxd4 Bb4+ 7. Bd2 Bxd2+ 8.
Qxd2 O-O 9. Bc4 Nb6 10. Bb3 Re8 11. O-O d6 12. Qf4 d5 13. Ng5 Rf8 14. Nc3 Nxd4
15. Qxd4 Qxg5 16. Bxd5 Nxd5 17. Qxd5 c6 18. Qe4 Bf5 19. Qf3 Bg4 20. Qg3 h6 21.
f4 Qf5 22. h3 Bh5 23. Qe3 b5 24. g4 Bxg4 25. hxg4 Qxg4+ 26. Kf2 Qh4+ 27. Ke2
Rfe8 28. Rh1 Qg4+ 29. Qf3 Qf5 30. Ke3 Rac8 31. Rad1 f6 32. Rh5 Qg6 33. Rd6 Qg1+
34. Ke2 fxe5 35. fxe5 c5 36. Qd5+ Kh7 37. Qe4+ Kh8 38. Rhxh6+ Kg8 39. Qh7+ Kf7
40. Rd7+ Re7 41. e6+ Kf8 42. Qh8# {DumasGustave est échec et mat} 1-0

[Event "Champ FRA - Under 12"]
[Site "Europe Echecs"]
[Date "2020.07.08"]
[Round "3"]
[White "MayJoani"]
[Black "BourezzouSofia"]
[Result "1-0"]
[WhiteElo "999"]
[BlackElo "1090"]
[PlyCount "47"]
[EventDate "2020.??.??"]

1. e4 e5 2. Nf3 Nc6 3. d4 exd4 4. Nxd4 Ne5 5. Bf4 Ng6 6. Nb5 Nxf4 7. Qf3 Ne6 8.
N1c3 Ng5 9. Qg3 Bd6 10. Nxd6+ cxd6 11. h4 Ne6 12. Qxd6 Nf6 13. Qe5 b6 14. f4
Bb7 15. f5 d6 16. Qb5+ Nd7 17. fxe6 fxe6 18. O-O-O Rc8 19. Rxd6 g5 20. Qxg5 Qc7
21. Rxe6+ Kf8 22. Qf5+ Kg7 23. Re7+ Kg8 24. Qf7# {BourezzouSofia est échec et
mat} 1-0

[Event "Champ FRA - Under 12"]
[Site "Europe Echecs"]
[Date "2020.07.08"]
[Round "3"]
[White "FoleyNatasha"]
[Black "LetouxneeceTra"]
[Result "1-0"]
[WhiteElo "1078"]
[BlackElo "999"]
[PlyCount "63"]
[EventDate "2020.??.??"]

1. e4 e5 2. Nf3 Nc6 3. Bc4 Nf6 4. Nc3 Bc5 5. d3 Ng4 6. O-O Bb4 7. a3 Bxc3 8.
bxc3 a6 9. Ng5 Qf6 10. Qxg4 d6 11. Qd1 Qg6 12. Bxf7+ Qxf7 13. Nxf7 Kxf7 14.
Qf3+ Ke6 15. Qg4+ Kf6 16. Bg5+ Kg6 17. Qg3 Bd7 18. Rfe1 Rhf8 19. Be7+ Kf7 20.
Bxf8 Kxf8 21. Qg5 h6 22. Qg6 Kg8 23. Re3 b5 24. Rf3 a5 25. Qf7+ Kh7 26. Qxd7 b4
27. axb4 Rd8 28. Qxc6 axb4 29. Qxc7 Rh8 30. Rg3 d5 31. exd5 bxc3 32. Qxg7# {
LetouxneeceTra est échec et mat} 1-0

[Event "Champ FRA - Under 12"]
[Site "Europe Echecs"]
[Date "2020.07.08"]
[Round "3"]
[White "SemenovVera"]
[Black "SicartAugustin"]
[Result "1-0"]
[WhiteElo "1069"]
[BlackElo "999"]
[PlyCount "51"]
[EventDate "2020.??.??"]

1. e4 e5 2. Nf3 Nc6 3. Bc4 Nf6 4. Ng5 h6 5. Nxf7 Qe7 6. Nxh8 Nd4 7. Nc3 d5 8.
exd5 Bg4 9. f3 Bf5 10. d3 Qc5 11. Be3 c6 12. dxc6 bxc6 13. Nf7 Rd8 14. Nxd8
Kxd8 15. Bxd4 exd4 16. Na4 Qb4+ 17. c3 Qxa4 18. Qxa4 Bxd3 19. Bxd3 Nh5 20. Qxa7
Be7 21. Bf5 Ke8 22. Qb8+ Kf7 23. Qc8 Kf6 24. Qe6+ Kg5 25. Qg6+ Kh4 26. Qg4# {
SicartAugustin est échec et mat} 1-0

[Event "Champ FRA - Under 12"]
[Site "Europe Echecs"]
[Date "2020.07.08"]
[Round "3"]
[White "SubkhanberdinJ"]
[Black "LamandeBaventR"]
[Result "1/2-1/2"]
[WhiteElo "999"]
[BlackElo "1060"]
[PlyCount "93"]
[EventDate "2020.??.??"]

1. e4 d5 2. Nc3 dxe4 3. d4 Nf6 4. Bg5 h6 5. Bxf6 exf6 6. Nxe4 Bf5 7. Bd3 Nc6 8.
Ng3 Bxd3 9. Qxd3 Nxd4 10. O-O-O Nc6 11. Re1+ Be7 12. Qe4 Qd7 13. Nf5 O-O-O 14.
Nxe7+ Nxe7 15. Re3 Nc6 16. Ne2 g6 17. Rd3 Qf5 18. Qc4 Qe6 19. Qb5 Rde8 20. Rb3
Qxe2 21. Qxb7+ Kd7 22. Rd1+ Ke7 23. Qxc7+ Kf8 24. Qd6+ Kg7 25. Rf3 Ne5 26.
Qxf6+ Kh7 27. Rd2 Qe1+ 28. Rd1 Qe2 29. Qh4 Nxf3 30. gxf3 Qxf3 31. c4 Rc8 32. b3
a6 33. Rd7 Rcd8 34. Qe7 Rxd7 35. Qxd7 Rf8 36. c5 Kg7 37. c6 Qc3+ 38. Kb1 Qe1+
39. Kc2 Qe2+ 40. Kb1 Qe1+ 41. Kc2 Qe2+ 42. Kb1 Qxf2 43. c7 Qf1+ 44. Kc2 Qf2+
45. Kb1 Qf1+ 46. Kc2 Qf2+ 47. Kb1 {Nulle par répétition} 1/2-1/2

[Event "Champ FRA - Under 12"]
[Site "Europe Echecs"]
[Date "2020.07.08"]
[Round "3"]
[White "SamorukovEgor"]
[Black "AllainGaston"]
[Result "0-1"]
[WhiteElo "1060"]
[BlackElo "799"]
[PlyCount "62"]
[EventDate "2020.??.??"]

1. e4 c5 2. Nf3 Nc6 3. c3 g6 4. d4 cxd4 5. cxd4 Bg7 6. e5 d6 7. Qe2 dxe5 8.
dxe5 f6 9. e6 f5 10. Ng5 Nd4 11. Qc4 Qa5+ 12. b4 Qb6 13. Nc3 Nc2+ 14. Kd1 Nxa1
15. Nf7 Nf6 16. Nxh8 Bxh8 17. Bb2 Bxe6 18. Qe2 Rd8+ 19. Kc1 Qa6 20. b5 Qd6 21.
Bxa1 Nd5 22. Nxd5 Bxa1 23. Nc7+ Qxc7+ 24. Kb1 Qc3 25. b6 Qd4 26. bxa7 Qxa7 27.
Kxa1 Rd1+ 28. Kb2 Qxa2+ 29. Kc3 Qa1+ 30. Kc2 Qa4+ 31. Kb2 Qb3# {SamorukovEgor
est échec et mat} 0-1

[Event "Champ FRA - Under 12"]
[Site "Europe Echecs"]
[Date "2020.07.08"]
[Round "3"]
[White "BaronSacha"]
[Black "CadilhacSeffinL"]
[Result "0-1"]
[WhiteElo "799"]
[BlackElo "1058"]
[PlyCount "30"]
[EventDate "2020.??.??"]

1. e4 e5 2. Bc4 Nf6 3. b3 Bc5 4. Qf3 d6 5. g4 Bxg4 6. Qg3 O-O 7. Bd3 Re8 8. f4
Qe7 9. Nf3 Bxf3 10. Qxf3 exf4 11. Rg1 c6 12. Rg2 d5 13. Bb2 dxe4 14. Qxf4 exd3+
15. Kf1 Qe1# {BaronSacha est échec et mat} 0-1

[Event "Champ FRA - Under 12"]
[Site "Europe Echecs"]
[Date "2020.07.08"]
[Round "4"]
[White "BreuilVirgile"]
[Black "MateriaMarco"]
[Result "0-1"]
[WhiteElo "1622"]
[BlackElo "2269"]
[PlyCount "128"]
[EventDate "2020.??.??"]

1. e4 c5 2. c3 d5 3. exd5 Qxd5 4. Nf3 Nf6 5. d4 e6 6. Be2 Be7 7. O-O O-O 8. Be3
Rd8 9. dxc5 Qxd1 10. Rxd1 Rxd1+ 11. Bxd1 a5 12. Nbd2 Na6 13. Nc4 Bxc5 14. Nb6
Rb8 15. Bxc5 Nxc5 16. b4 Nce4 17. Rc1 Nd7 18. bxa5 Nxb6 19. axb6 Bd7 20. Ne5
Be8 21. Bf3 Nd2 22. Rd1 Nxf3+ 23. Nxf3 Rc8 24. Rd3 Rc6 25. Nd4 Rxb6 26. Nb3 Kf8
27. f3 Ke7 28. Kf2 Bb5 29. Rd4 Rc6 30. Rb4 Ba6 31. c4 Rxc4 32. Rxc4 Bxc4 33.
Nc1 Kd6 34. Ke3 Kc5 35. Kd2 Kb4 36. Kc2 Ka3 37. Kc3 Bxa2 38. Nd3 b5 39. Nb4 Bd5
40. Nc2+ Ka4 41. Nb4 Ka5 42. Nd3 f6 43. Nb4 Bc4 44. Nc2 e5 45. Ne3 Be6 46. Nc2
h5 47. Nb4 g5 48. g3 Kb6 49. Nd3 Bc4 50. Nb4 f5 51. Nc2 g4 52. fxg4 hxg4 53.
Ne3 Be6 54. Kb4 f4 55. gxf4 exf4 56. Nd1 Bd5 57. Nc3 Bf3 58. Nb1 g3 59. hxg3
fxg3 60. Nd2 Bd5 61. Nf1 g2 62. Ne3 g1=Q 63. Nxd5+ Kc6 64. Ne7+ Kd7 {
BreuilVirgile a abandonné} 0-1

[Event "Champ FRA - Under 12"]
[Site "Europe Echecs"]
[Date "2020.07.08"]
[Round "4"]
[White "KuhnClement"]
[Black "AuribaultLouis"]
[Result "1-0"]
[WhiteElo "2150"]
[BlackElo "1618"]
[PlyCount "85"]
[EventDate "2020.??.??"]

1. d4 Nf6 2. c4 g6 3. f3 Bg7 4. e4 d6 5. Nc3 O-O 6. Be3 e5 7. Nge2 Nc6 8. Qd2
exd4 9. Nxd4 Re8 10. O-O-O a6 11. g4 Nd7 12. h4 Nde5 13. Be2 Be6 14. h5 Bxc4
15. hxg6 hxg6 16. Nxc6 bxc6 17. Bh6 Bxe2 18. Bxg7 Kxg7 19. Qh6+ Kf6 20. Nxe2
Rh8 21. Qf4+ Ke7 22. g5 Nd3+ 23. Rxd3 Rxh1+ 24. Kc2 Kf8 25. e5 d5 26. Nd4 Qd7
27. Re3 c5 28. Nb3 Qf5+ 29. Qxf5 gxf5 30. Nxc5 Rg1 31. f4 Ke7 32. e6 fxe6 33.
Rxe6+ Kf7 34. Rf6+ Kg7 35. Rxf5 Re8 36. Rxd5 Re2+ 37. Kc3 Rc1+ 38. Kb3 Re3+ 39.
Kb4 Rf1 40. f5 Rf4+ 41. Ka5 Re8 42. Ne6+ Kg8 43. Nxf4 {AuribaultLouis a
abandonné} 1-0

[Event "Champ FRA - Under 12"]
[Site "Europe Echecs"]
[Date "2020.07.08"]
[Round "4"]
[White "FrelauMatthias"]
[Black "BreuilTristan"]
[Result "0-1"]
[WhiteElo "1592"]
[BlackElo "1898"]
[PlyCount "132"]
[EventDate "2020.??.??"]

1. d4 Nf6 2. Nf3 e6 3. Bf4 b6 4. e3 Bb7 5. Bd3 Be7 6. Nbd2 d6 7. c3 Nh5 8. Bg3
Nd7 9. Qc2 h6 10. e4 c5 11. Nc4 Nxg3 12. hxg3 Qc7 13. O-O O-O-O 14. Rac1 Kb8
15. Rfe1 e5 16. d5 b5 17. Ne3 c4 18. Bf1 Bg5 19. b3 Bxe3 20. Rxe3 Nb6 21. Rb1
cxb3 22. axb3 a6 23. c4 Rc8 24. Nd2 b4 25. f4 Qc5 26. Rbe1 Rhe8 27. Nf3 exf4
28. gxf4 Nxd5 29. exd5 Rxe3 30. Rxe3 Qxe3+ 31. Kh1 Bxd5 32. Qf5 Bxf3 33. gxf3
Qxf3+ 34. Bg2 g6 35. Qxf7 Qh5+ 36. Kg1 Qd1+ 37. Kh2 Qh5+ 38. Kg1 Qc5+ 39. Kh2
Qc7 40. Qxg6 d5 41. Bxd5 Qxf4+ 42. Kh1 Qf1+ 43. Kh2 Qe2+ 44. Kh1 Qd1+ 45. Kh2
Qd2+ 46. Kh1 Qe1+ 47. Kh2 Qh4+ 48. Kg1 Qg5+ 49. Qxg5 hxg5 50. Kg2 Rd8 51. Kg3
Rxd5 52. cxd5 Kc7 53. Kf3 Kd6 54. Kg4 Kxd5 55. Kxg5 Kd4 56. Kf4 Kc3 57. Ke3
Kxb3 58. Kd2 a5 59. Kc1 a4 60. Kb1 a3 61. Ka1 Kc2 62. Ka2 b3+ 63. Ka1 b2+ 64.
Ka2 b1=Q+ 65. Kxa3 Qb5 66. Ka2 Qb2# {FrelauMatthias est échec et mat} 0-1

[Event "Champ FRA - Under 12"]
[Site "Europe Echecs"]
[Date "2020.07.08"]
[Round "4"]
[White "GeronimiJeanTh"]
[Black "ParalieuMaxime"]
[Result "1/2-1/2"]
[WhiteElo "1827"]
[BlackElo "1569"]
[PlyCount "103"]
[EventDate "2020.??.??"]

1. e4 e5 2. Nf3 Nc6 3. d4 exd4 4. Bc4 Nf6 5. e5 d5 6. Bb5 Ne4 7. Nxd4 Bd7 8.
Bxc6 bxc6 9. O-O Bc5 10. f3 Ng5 11. f4 Ne6 12. Be3 O-O 13. f5 Nxd4 14. Bxd4
Bxd4+ 15. Qxd4 Qg5 16. f6 Rfe8 17. fxg7 Qxe5 18. Qxe5 Rxe5 19. Nd2 Kxg7 20. Nf3
Re2 21. Nd4 Rd2 22. Rad1 Rxd1 23. Rxd1 Re8 24. Kf2 Re4 25. Rd3 c5 26. Ne2 Rxe2+
27. Kxe2 Bb5 28. a3 Kf6 29. b3 Bxd3+ 30. Kxd3 Ke5 31. Ke3 f5 32. g3 c6 33. b4
c4 34. c3 h6 35. h3 h5 36. h4 a6 37. a4 Kd6 38. Kd4 Ke6 39. Kc5 Ke5 40. Kxc6 d4
41. b5 axb5 42. axb5 dxc3 43. b6 c2 44. b7 c1=Q 45. b8=Q+ Ke4 46. Qe8+ Kd3 47.
Qxh5 Qe3 48. Qd1+ Kc3 49. Qa1+ Kd3 50. Qd1+ Kc3 51. Qa1+ Kd3 52. Qd1+ {Nulle
par répétition} 1/2-1/2

[Event "Champ FRA - Under 12"]
[Site "Europe Echecs"]
[Date "2020.07.08"]
[Round "4"]
[White "TallecHadrien"]
[Black "TrevisiolAntoi"]
[Result "0-1"]
[WhiteElo "1587"]
[BlackElo "1788"]
[PlyCount "120"]
[EventDate "2020.??.??"]

1. e4 e6 2. d4 d5 3. e5 c5 4. c3 Qb6 5. Nf3 Bd7 6. a3 Bb5 7. Nbd2 Nc6 8. b4
cxd4 9. cxd4 Nge7 10. Nb3 Bxf1 11. Rxf1 a5 12. bxa5 Nxa5 13. Nc5 Nec6 14. Na4
Qb3 15. Bd2 Qxd1+ 16. Rxd1 Nc4 17. Nc3 Rxa3 18. Nb5 Rb3 19. Nc3 Nxd2 20. Kxd2
Bb4 21. Rc1 Ke7 22. Kd3 Ra8 23. Nd2 Rxc3+ 24. Rxc3 Bxc3 25. Kxc3 Ra3+ 26. Kb2
Ra4 27. Nb3 Nxd4 28. Re1 Nxb3 29. Kxb3 Re4 30. Rxe4 dxe4 31. Kc4 Kd7 32. Kd4
Kc6 33. Kxe4 Kc5 34. Kd3 Kb4 35. f4 b5 36. g4 Ka3 37. Kc2 b4 38. Kb1 Kb3 39. f5
Kc3 40. h4 g6 41. fxg6 fxg6 42. h5 Kd4 43. Kb2 Kxe5 44. Kb3 Kf4 45. Kxb4 Kf3
46. Kc4 e5 47. Kd3 e4+ 48. Kd2 Kf2 49. hxg6 hxg6 50. g5 e3+ 51. Kd3 e2 52. Kd4
e1=Q 53. Kd5 Kf3 54. Kd4 Kf4 55. Kd5 Kxg5 56. Kd4 Kf5 57. Kd5 g5 58. Kc6 g4 59.
Kb7 g3 60. Ka8 g2 {TallecHadrien a abandonné} 0-1

[Event "Champ FRA - Under 12"]
[Site "Europe Echecs"]
[Date "2020.07.08"]
[Round "4"]
[White "VuDinhAdrien"]
[Black "PierrotYohann"]
[Result "1-0"]
[WhiteElo "1740"]
[BlackElo "1519"]
[PlyCount "41"]
[EventDate "2020.??.??"]

1. e4 c6 2. d4 d5 3. exd5 cxd5 4. c4 Nc6 5. cxd5 Qxd5 6. Nf3 Bg4 7. Be2 O-O-O
8. Nc3 Qd7 9. Be3 Nf6 10. Rc1 Kb8 11. O-O e6 12. Nb5 Nd5 13. Qa4 Nxe3 14. Ne5
Qe7 15. Rxc6 a6 16. Rb6 Bxe2 17. Nc6+ Kc8 18. Nxe7+ Bxe7 19. Rc1+ Kb8 20. Qxa6
Rd7 21. Qa7# {PierrotYohann est échec et mat} 1-0

[Event "Champ FRA - Under 12"]
[Site "Europe Echecs"]
[Date "2020.07.08"]
[Round "4"]
[White "DurandBenmouss"]
[Black "LissillourBapt"]
[Result "1-0"]
[WhiteElo "1558"]
[BlackElo "1731"]
[PlyCount "65"]
[EventDate "2020.??.??"]

1. d4 Nf6 2. Bf4 c5 3. e3 Qb6 4. Nc3 d6 5. Qd2 g6 6. Nf3 Bg7 7. Na4 Qc6 8. Nc3
O-O 9. Be2 a6 10. a4 Nbd7 11. O-O b6 12. Ne1 Bb7 13. Bf3 d5 14. Nd3 Ne4 15.
Bxe4 dxe4 16. d5 Qc8 17. Nxe4 Bxd5 18. Ndxc5 Nxc5 19. Qxd5 Rd8 20. Qc4 e5 21.
Bg3 Qg4 22. Nf6+ Bxf6 23. Qxg4 Bg7 24. h4 f5 25. Qc4+ Kh8 26. Rad1 Rdc8 27. Qa2
Ne4 28. Rd7 Nxg3 29. fxg3 Rxc2 30. Qf7 Rg8 31. h5 Rc6 32. h6 Bxh6 33. Qxh7# {
LissillourBapt est échec et mat} 1-0

[Event "Champ FRA - Under 12"]
[Site "Europe Echecs"]
[Date "2020.07.08"]
[Round "4"]
[White "PerrouinAlexia"]
[Black "GardeGuillaume"]
[Result "1/2-1/2"]
[WhiteElo "1530"]
[BlackElo "1716"]
[PlyCount "124"]
[EventDate "2020.??.??"]

1. e4 e6 2. d4 d5 3. exd5 exd5 4. Nf3 Nc6 5. Bd3 Bd6 6. O-O Nge7 7. Bg5 h6 8.
Bh4 f5 9. Ne5 Nxe5 10. dxe5 Bxe5 11. Re1 Qd6 12. Bxe7 Qxe7 13. f4 Bd4+ 14. Kf1
Be3 15. Qh5+ Kd8 16. Nc3 d4 17. Nd5 Qd6 18. Nxe3 Qxf4+ 19. Kg1 dxe3 20. Rad1
Ke7 21. Qh3 Kf6 22. Rxe3 g6 23. Ree1 Bd7 24. Be4 Bc6 25. Bxc6 bxc6 26. Qc3+ Kg5
27. Qxc6 Rhd8 28. Qc3 Rxd1 29. Rxd1 Re8 30. Qd3 Qe3+ 31. Qxe3+ Rxe3 32. Kf2 Re5
33. Rd7 Rc5 34. c3 Kf4 35. g3+ Ke4 36. Rg7 g5 37. Rg6 Rd5 38. Ke2 Rd6 39. Rg7
f4 40. gxf4 gxf4 41. Rxc7 f3+ 42. Kf1 Rd2 43. Re7+ Kf4 44. Rf7+ Ke3 45. Re7+
Kf4 46. Rf7+ Kg4 47. Rg7+ Kh3 48. Rf7 Rxb2 49. Rxf3+ Kg4 50. Rf6 Rxh2 51. Ra6
Rc2 52. Rxa7 Rxc3 53. Rh7 h5 54. a4 Ra3 55. Ra7 h4 56. a5 h3 57. Kg1 Kg3 58.
Rg7+ Kf3 59. Rf7+ Kg3 60. Rg7+ Kf3 61. Rf7+ Kg4 62. Rg7+ Kf3 {Nulle par
répétition} 1/2-1/2

[Event "Champ FRA - Under 12"]
[Site "Europe Echecs"]
[Date "2020.07.08"]
[Round "4"]
[White "VarinTimeo"]
[Black "KassabChadi"]
[Result "0-1"]
[WhiteElo "1287"]
[BlackElo "1659"]
[PlyCount "174"]
[EventDate "2020.??.??"]

1. e4 c5 2. Nf3 d6 3. d4 cxd4 4. Nxd4 a6 5. Bc4 Nf6 6. Nc3 Nbd7 7. O-O b5 8.
Bb3 Bb7 9. f3 g6 10. Bg5 Qb6 11. Be3 e5 12. Nf5 Nc5 13. Ng3 Qc7 14. Bd5 b4 15.
Bxb7 Qxb7 16. Bg5 Nfd7 17. Nd5 Ne6 18. Bd2 a5 19. Be3 Nc7 20. Nxc7+ Qxc7 21.
Qd5 Rc8 22. Rac1 Nf6 23. Qb5+ Nd7 24. Qd5 Be7 25. Bh6 Nf6 26. Qb5+ Nd7 27. Qd5
Qc5+ 28. Qxc5 Rxc5 29. Be3 Rc6 30. f4 Bf6 31. fxe5 Bxe5 32. b3 Ke7 33. Bg5+ f6
34. Bf4 Rhc8 35. Bxe5 dxe5 36. Rf2 Nc5 37. Rd2 Ke6 38. Rcd1 Nb7 39. Rd7 R8c7
40. Rxc7 Rxc7 41. Rd2 f5 42. exf5+ gxf5 43. Kf2 e4 44. Ke3 Ke5 45. Ne2 Rc3+ 46.
Nxc3 bxc3 47. Rd7 f4+ 48. Ke2 Nc5 49. Rxh7 Kd4 50. Rf7 Ke5 51. h4 Ne6 52. h5
Nd4+ 53. Kf2 e3+ 54. Ke1 Nxc2+ 55. Kf1 Kd4 56. Rd7+ Ke4 57. h6 Nd4 58. h7 c2
59. Rxd4+ Kxd4 60. h8=Q+ Kd3 61. Qd8+ Kc3 62. Qc7+ Kb2 63. Qe5+ Kb1 64. Qe4 Kb2
65. Qd4+ Kb1 66. Qd3 Kb2 67. Qd4+ Kb1 68. Qd3 Kb2 69. Qe2 Kb1 70. Qe1+ c1=Q 71.
Qxc1+ Kxc1 72. a3 Kd2 73. b4 e2+ 74. Kf2 e1=Q+ 75. Kf3 Qe3+ 76. Kg4 Qg3+ 77.
Kf5 axb4 78. axb4 Qxg2 79. Ke5 Qb7 80. Kxf4 Qxb4+ 81. Kf3 Qe7 82. Kg4 Qf7 83.
Kg5 Ke3 84. Kg4 Qf4+ 85. Kh3 Qg5 86. Kh2 Kf2 87. Kh3 Qg3# {VarinTimeo est
échec et mat} 0-1

[Event "Champ FRA - Under 12"]
[Site "Europe Echecs"]
[Date "2020.07.08"]
[Round "4"]
[White "LevannierGouel"]
[Black "DetrazSamuel"]
[Result "1-0"]
[WhiteElo "1659"]
[BlackElo "1509"]
[PlyCount "163"]
[EventDate "2020.??.??"]

1. e4 e6 2. f4 d5 3. e5 c5 4. Nf3 Nc6 5. c3 Nge7 6. Na3 h5 7. Nc2 Nf5 8. Bd3 c4
9. Bxf5 exf5 10. O-O Be6 11. d3 cxd3 12. Qxd3 Bc5+ 13. Be3 Qb6 14. Bxc5 Qxc5+
15. Ncd4 h4 16. Kh1 h3 17. g3 Nxd4 18. Nxd4 Qb6 19. Nb5 Kf8 20. b3 Bd7 21. Nd6
Qc6 22. Qd4 Be6 23. Rac1 g6 24. Kg1 b5 25. Qb4 Qb6+ 26. Rf2 Kg7 27. Qxb5 f6 28.
Qxb6 axb6 29. Re2 Rhd8 30. Rce1 fxe5 31. fxe5 Rd7 32. Nb5 Ra5 33. Nd4 Kf7 34.
Kf2 Rc5 35. Rc2 Rdc7 36. Rec1 Ke7 37. Kf3 Rc8 38. Kf4 Rg8 39. Kg5 Kf7 40. a4
Rcc8 41. Ra1 Ra8 42. Nb5 Ke7 43. b4 Bd7 44. Nc7 Bxa4 45. Nxd5+ Ke6 46. Rca2 b5
47. Nc7+ Kd7 48. Nxa8 Rxa8 49. Kxg6 Ke6 50. Kg5 Kxe5 51. Kh4 Rh8+ 52. Kg5 Rg8+
53. Kh6 Kf6 54. Kh7 Kf7 55. Rd2 Rg7+ 56. Kh6 Rg6+ 57. Kh5 Rg8 58. Rd5 Kf6 59.
Rd6+ Ke7 60. Rg6 Rh8+ 61. Rh6 Rg8 62. Re1+ Kf7 63. Ree6 Bd1+ 64. Kh4 Bg4 65.
Rb6 Rg7 66. Rxb5 Kf8 67. Rb8+ Kf7 68. Rb7+ Kf8 69. Rxg7 Kxg7 70. Ra6 Kf7 71. b5
f4 72. gxf4 Bc8 73. Ra7+ Bb7 74. Rxb7+ Ke8 75. Rh7 Kd8 76. Kg5 Kc8 77. Kf6 Kb8
78. Ke6 Kc8 79. Kd6 Kb8 80. Kc6 Ka8 81. Kb6 Kb8 82. Rh8# {DetrazSamuel est
échec et mat} 1-0